| 000 | 01278nmm a2200325 a 4500 | ||
|---|---|---|---|
| 001 | 0000021176 | ||
| 003 | CO-CtgCURN | ||
| 005 | 20250329191008.0 | ||
| 007 | co cga---uuuuu | ||
| 008 | 160627s2003 i eng d | ||
| 020 | _a9702604281 | ||
| 040 |
_aCO-CtgCURN _bspa _ccoctgcurn |
||
| 082 | 0 |
_a658.15 _bG47p |
|
| 100 | 1 | _aGitman, Lawrence J. | |
| 245 | 1 | 0 |
_aPrincipios de Administración financiera _h[electronic resource] / _cLawrence J. Gitman , traducción Elisa Nuñez Ramos. |
| 250 | _a10a ed. | ||
| 260 |
_aMexico : _bPearson, _c2003. |
||
| 300 | _axl, 559 p. + 1 Cd - Rom. | ||
| 336 | _2rdacontent | ||
| 337 |
_2rdamedia _asin mediacion _bn |
||
| 338 |
_2rdacarrier _avolumen _bnc |
||
| 500 | _aIncluye ejercicio en Web y Apendices. | ||
| 505 | 8 | _aIntroducción a la Administración financiera.--Conceptos financieros importantes.--Decisiones de inversion a largo plazo.--Decisiones financieras a largo plazo.--Decisiones financieras a corto plazo | |
| 650 | 0 | _aAdministración financiera. | |
| 700 | 1 |
_aNuñez Ramos, Elisa, _eTraductor. |
|
| 908 | _a160627 | ||
| 942 |
_cBK _h658.15 _iG47p _2ddc |
||
| 999 |
_c10605 _d10605 |
||